<?xml version="1.0" encoding="UTF-8"?>
<record
    xmlns:xsi="http://www.w3.org/2001/XMLSchema-instance"
    xsi:schemaLocation="http://www.loc.gov/MARC21/slim http://www.loc.gov/standards/marcxml/schema/MARC21slim.xsd"
    xmlns="http://www.loc.gov/MARC21/slim">

  <leader>01454nam a2200265uu 4500</leader>
  <controlfield tag="001">1000782</controlfield>
  <controlfield tag="005">20260507073223.0</controlfield>
  <controlfield tag="008">061030e19891001   ||||||m|         spa  </controlfield>
  <datafield tag="035" ind1=" " ind2=" ">
    <subfield code="a">1000782</subfield>
  </datafield>
  <datafield tag="040" ind1=" " ind2=" ">
    <subfield code="c">comduadb</subfield>
  </datafield>
  <datafield tag="041" ind1=" " ind2=" ">
    <subfield code="a">spa</subfield>
  </datafield>
  <datafield tag="082" ind1=" " ind2="4">
    <subfield code="a">304</subfield>
  </datafield>
  <datafield tag="100" ind1="1" ind2="0">
    <subfield code="a">Ram&#xED;rez Mar&#xED;n, Gabriel Jaime</subfield>
    <subfield code="4">aut</subfield>
    <subfield code="e">aut</subfield>
    <subfield code="9">480270</subfield>
  </datafield>
  <datafield tag="245" ind1="1" ind2="0">
    <subfield code="a">Movimiento de pobladores por mejores condiciones educativas en los barrios San Mart&#xED;n y La Esperanza</subfield>
  </datafield>
  <datafield tag="260" ind1=" " ind2=" ">
    <subfield code="a">Medell&#xED;n :</subfield>
    <subfield code="b">[sin publicador],</subfield>
    <subfield code="c">1989.</subfield>
  </datafield>
  <datafield tag="300" ind1=" " ind2=" ">
    <subfield code="a">113 p&#xE1;ginas.</subfield>
  </datafield>
  <datafield tag="505" ind1=" " ind2=" ">
    <subfield code="a">CONTENIDO : Introducci&#xF3;n. -- Consideraciones te&#xF3;ricas generales. -- Formaci&#xF3;n de los barrios populares. -- Antecedentes del movimiento por mejores condiciones educativas. -- Liceo cooperativo comunidad educativa la esperanza. -- &#xA1;Por la oficializaci&#xF3;n del colegio! Escuela "Rep&#xFA;blica de Cuba". -- Escuela "los comuneros". -- Los cupos: Un problema de muchos. -- Organizaci&#xF3;n y lucha comunal. -- Los pobladores tienen la palabra. -- Conclusiones. -- Notas. -- Anexos.</subfield>
  </datafield>
  <datafield tag="650" ind1=" " ind2=" ">
    <subfield code="a">Barrios populares - Medell&#xED;n (Antioquia, Colombia)</subfield>
    <subfield code="9">42928</subfield>
  </datafield>
  <datafield tag="650" ind1=" " ind2=" ">
    <subfield code="a">Barrio San Martin de  Porres (Medellin)</subfield>
    <subfield code="9">25104</subfield>
  </datafield>
  <datafield tag="650" ind1=" " ind2=" ">
    <subfield code="a">Barrio La Esperanza (Medellin)</subfield>
    <subfield code="9">84117</subfield>
  </datafield>
  <datafield tag="650" ind1=" " ind2=" ">
    <subfield code="a">Movimientos populares</subfield>
    <subfield code="9">64</subfield>
  </datafield>
  <datafield tag="700" ind1="1" ind2="0">
    <subfield code="a">Ruiz, Jaime</subfield>
    <subfield code="4">ths</subfield>
    <subfield code="e">ths</subfield>
  </datafield>
  <datafield tag="942" ind1=" " ind2=" ">
    <subfield code="c">TESIS</subfield>
  </datafield>
  <datafield tag="999" ind1=" " ind2=" ">
    <subfield code="c">397533</subfield>
    <subfield code="d">397533</subfield>
  </datafield>
  <datafield tag="500" ind1=" " ind2=" ">
    <subfield code="a">Tesis (Maestria en Problemas Sociales Contemporaneos, Emergencias y Desastres ). Universidad de Antioquia - T&#xED;tulo del grado otorgado</subfield>
  </datafield>
  <datafield tag="952" ind1=" " ind2=" ">
    <subfield code="0">0</subfield>
    <subfield code="1">0</subfield>
    <subfield code="4">0</subfield>
    <subfield code="7">0</subfield>
    <subfield code="8">ANTIOQUIA</subfield>
    <subfield code="a">BC</subfield>
    <subfield code="b">BC</subfield>
    <subfield code="d">2006-10-30</subfield>
    <subfield code="e">Material recuperado</subfield>
    <subfield code="i">C927818</subfield>
    <subfield code="l">0</subfield>
    <subfield code="o">304.8 R173m</subfield>
    <subfield code="p">61000002208649</subfield>
    <subfield code="r">2023-04-26 00:00:00</subfield>
    <subfield code="t">1</subfield>
    <subfield code="w">2023-04-26</subfield>
    <subfield code="y">TESISI</subfield>
  </datafield>
</record>
